Statistics for All cities in Europe with more than 1 million inhabitants

Click here to take the quiz!

General Stats

  • This quiz has been taken 82 times
  • The average score is 29 of 35

Answer Stats

CountryPopulationAnswer% Correct
Turkey15,029,231Istanbul
100%
France2,140,526Paris
100%
United Kingdom9,126,366London
100%
Russia12,615,279Moscow
100%
Spain1,620,343Barcelona
100%
Spain3,223,334Madrid
100%
Italy2,857,321Rome
100%
Austria1,899,055Vienna
99%
Germany1,456,039Munich
99%
Germany3,748,148Berlin
99%
Ukraine2,950,819Kiev
99%
Russia5,383,890St. Petersburg
99%
Bulgaria1,238,438Sofia
97%
Czech Republic1,308,632Prague
97%
Poland1,802,237Warsaw
97%
Hungary1,749,734Budapest
97%
United Kingdom1,223,000Birmingham
97%
Belgium1,211,035Brussels
96%
Belarus1,982,444Minsk
96%
Romania2,106,144Bucharest
96%
Italy1,395,274Milan
96%
Germany1,930,996Hamburg
94%
Germany1,075,935Cologne
86%
Serbia1,166,763Belgrade
83%
Ukraine1,011,494Odessa
73%
Russia1,259,013Nizhny Novgorod
68%
Russia1,013,533Volgograd
65%
Ukraine1,461,128Kharkiv
62%
Russia1,243,500Kazan
52%
Russia1,119,875Rostov-On-Don
51%
Russia1,170,910Samara
45%
Russia1,121,429Ufa
45%
Russia1,051,583Perm
39%
Russia1,000,007Krasnodar
30%
Russia1,054,537Voronezh
27%

Score Distribution

Percentile by Number Answered

Percent of People with Each Score

Your Score History

You have not taken this quiz